Islamic Education (Record no. 167)
[ view plain ]
| 000 -LEADER | |
|---|---|
| fixed length control field | 00355 a2200145 4500 |
| 020 ## - INTERNATIONAL STANDARD BOOK NUMBER | |
| International Standard Book Number | 9694860262 |
| 082 ## - DEWEY DECIMAL CLASSIFICATION NUMBER | |
| Classification number | 297.7 |
| Author Mark | ZAF |
| 100 ## - MAIN ENTRY--PERSONAL NAME | |
| Personal name | Zafar, M. D. |
| 9 (RLIN) | 119857 |
| 245 ## - TITLE STATEMENT | |
| Title | Islamic Education |
| Statement of responsibility, etc. | M. D. Zafar ; A. S. Bukhari |
| 250 ## - EDITION STATEMENT | |
| Edition statement | 2008 |
| 260 ## - PUBLICATION, DISTRIBUTION, ETC. | |
| Place of publication, distribution, etc. | Lahore |
| Name of publisher, distributor, etc. | Aziz Book Depot |
| Date of publication, distribution, etc. | 2008 |
| 300 ## - PHYSICAL DESCRIPTION | |
| Extent | xiv, 353p , |
| Dimensions | 20 cm. |
| 650 ## - SUBJECT ADDED ENTRY--TOPICAL TERM | |
| Topical term or geographic name entry element | Islam |
| 942 ## - ADDED ENTRY ELEMENTS (KOHA) | |
| Source of classification or shelving scheme | |
| Koha item type | Book |
| Withdrawn status | Lost status | Damaged status | Not for loan | Permanent Location | Current Location | Shelving location | Date acquired | Total Checkouts | Total Renewals | Full call number | Barcode | Checked out | Date last seen | Date last checked out | Price effective from | Koha item type | Source of classification or shelving scheme |
|---|---|---|---|---|---|---|---|---|---|---|---|---|---|---|---|---|---|
| Central Library (CL) | Central Library (CL) | 09/19/2023 | 7 | 5 | 297.7 ZAF | NIT-4948 | 04/19/2026 | 01/29/2026 | 01/05/2017 | Book | |||||||
| School of Civil and Environmental Engineering (SCEE) | School of Civil and Environmental Engineering (SCEE) | 4 | 8 | 297.7 ZAF | NIT-4947 | 01/08/2026 | 07/10/2024 | 07/10/2024 | 01/05/2017 | Book | |||||||
| School of Civil and Environmental Engineering (SCEE) | School of Civil and Environmental Engineering (SCEE) | 3 | NIT-4944 | 07/21/2022 | 03/28/2022 | 01/05/2017 | Book | ||||||||||
| School of Civil and Environmental Engineering (SCEE) | School of Civil and Environmental Engineering (SCEE) | 1 | NIT-4943 | 02/26/2025 | 09/25/2019 | 01/05/2017 | Book | ||||||||||
| School of Civil and Environmental Engineering (SCEE) | School of Civil and Environmental Engineering (SCEE) | NIT-4941 | 10/19/2020 | 01/05/2017 | Book | ||||||||||||
| School of Civil and Environmental Engineering (SCEE) | School of Civil and Environmental Engineering (SCEE) | 1 | NIT-4945 | 07/18/2022 | 03/28/2022 | 01/05/2017 | Book | ||||||||||
| School of Civil and Environmental Engineering (SCEE) | School of Civil and Environmental Engineering (SCEE) | 3 | 2 | NIT-4940 | 01/08/2026 | 02/12/2025 | 02/12/2025 | 01/05/2017 | Book | ||||||||
| School of Civil and Environmental Engineering (SCEE) | School of Civil and Environmental Engineering (SCEE) | 2 | 2 | NIT-4942 | 07/22/2022 | 03/28/2022 | 01/05/2017 | Book | |||||||||
| School of Civil and Environmental Engineering (SCEE) | School of Civil and Environmental Engineering (SCEE) | 3 | 2 | NIT-4939 | 01/08/2026 | 02/12/2025 | 02/12/2025 | 01/05/2017 | Book |
